Portugal.
| Format: | Book |
|---|---|
| Published: |
Victoria:
Lonely Planet Publications,
2011.
|
| Edition: | 8th ed. |
| Subjects: |
| LEADER | 00421cam a2200157 7i4500 | ||
|---|---|---|---|
| 001 | 0000027018 | ||
| 005 | 20111101090000.0 | ||
| 020 | 0 | 0 | |a 9781741796001 |
| 090 | 0 | 0 | |a PORT 910.202 |b POR |
| 245 | 0 | 0 | |a Portugal. |
| 250 | 0 | 0 | |a 8th ed. |
| 260 | 0 | 0 | |a Victoria: |b Lonely Planet Publications, |c 2011. |
| 300 | # | # | |a 567p. |
| 650 | 0 | 0 | |a Portugal -- |x Guidebooks |
| 651 | 0 | 0 | |a Portugal |
| 999 | |a B000029561 |b Book |c Countries |e Business Information Centre | ||


